000 00621nam a2200217Ia 4500
003 BUBTL
008 151213s9999 xx 000 0 und d
020 _a8175811161
082 _a824.79/ T45b/ 2000
100 _aTilak, Dr. Raghukul
_95132
245 _aSamuel Taylor Coleridge, Biographia Literaria :
_cDr. Raghukul Tilak
250 _a18th Edn.
260 _aNew Delhi
_bRama Brothers
_cc2000
300 _a206p. :
_b21 cm.
650 _aEnglish Literature
650 _a
700 _aDr. Raghukul Tilak
_95133
856 _k0
_l0
_yDownload
942 _2ddc
_cBK
999 _c3029
_d3029